| 000 | 00357nam a2200145 a 4500 | ||
|---|---|---|---|
| 001 | 3786 | ||
| 003 | CDMR | ||
| 005 | 20130724125017.0 | ||
| 008 | 130130s1972||||||||||||||||||||||||||||d | ||
| 040 |
_aCDMR _bcat _cCPC GIRONA |
||
| 100 | 1 |
_aChumez, Chumy _92681 |
|
| 245 | 1 | 0 |
_aY asà para siempre _cChumez, Chumy |
| 260 |
_c1972 _bAlianza _aMadrid |
||
| 942 |
_cMON _2udc |
||
| 999 |
_c3786 _d3786 |
||